Escudos dos Clubes da Série B do Campeonato Brasileiro - Statistics

Estatísticas Gerais
  • Esse quiz foi jogado 326 vezes
    213 desde o último reset
  • A pontuação média é 19 de 20
Estatísticas das Respostas
Imagem Resposta % Correto
Criciúma
98%
Cuiabá
98%
Goiás
98%
Avaí
97%
Coritiba
97%
Paysandu
97%
Chapecoense
96%
América Mineiro
94%
Vila Nova
94%
Botafogo - SP
93%
Volta Redonda
93%
Amazonas
92%
CRB
91%
Opérario
91%
Athletico Paranaense
90%
Atletico Goianiense
90%
Ferroviária
89%
Remo
89%
Novorizontino
86%
Athletic Club
78%
Nenhum quiz correspondente encontrado
Distribuição das Pontuações
Porcentagem de Pessoas com Cada Pontuação
Percentil de Números Respondidos
Sua Pontuação Histórica
Você não jogou esse quiz desde o último reset